| 000 | 00421pab a2200157 454500 | ||
|---|---|---|---|
| 008 | 180718b2000 xxu||||| |||| 00| 0 eng d | ||
| 100 | _aArun Kumar | ||
| 245 | _aSome relevant post 1991 data on the Indian economy | ||
| 260 | _c2000 | ||
| 300 | _ap.6-9 | ||
| 362 | _a8 Jul | ||
| 650 | _aEconomic and social development - India | ||
| 650 | _aEconomic and social development | ||
| 773 | _aYoung Indian | ||
| 909 | _a45523 | ||
| 999 |
_c45523 _d45523 |
||